{"text_format":"3","workbook":"xls","n_sheets":3,"sheets":["Sheet1","Sheet2","Sheet3"],"read":"whole","date_system":"1900","formulas":"cached_only"}

{"sheet":"Sheet1","index":0,"n_rows":27,"n_cols":7,"rows_kept":27,"merged":[[0,0,0,6]],"flags":["formulas_cached_only"]}
["电商直播实训室"]
["序号","设备名称","参数","单位","数量","单价","总价"]
[1,"直播实训主机","CPU型号i5 12400CPU频率 2.9GHz　内存容量32GB内存类型 DDR4 2933MHz 　1T机械硬盘　固态硬盘容量256GB 无内置光驱入门级独立显卡显存容量4GB 1000Mbps以太网卡 2×USB2.0，2×USB3.0，耳机输出接口，麦克风输入接口 1×VGA，1×HDMI 1×RJ45（网络接口） 1×电源接口，预装操作系统与办公软件　21寸显示器   键鼠 x1 鼠标垫 x1 电源线 x1 整机3年","台",4,6800,27200]
[2,"虚拟直播终端","直播主机：\n15.6寸高清屏操作，手机远控/上传素材，手机无线传屏，全平台APP直播，虚拟直播场景真实展现，镜头旋转/镜像，支持镜头画面横竖旋转，单/双/三相机镜头模式，在直播时多个镜头机位可相互切换主屏或副屏。\n内置声卡声效快速增加直播氛围效果 声效可管理上传上传自定义声效，可同时支持3路直播推流\n直播快捷键、直播本地录像、提词器、书写批注等功能\n直播提词器：文本内容上传支持颜色/缩放/滚动播放等(提词仅主播可见)\n配套：配套导播切控器、无线键鼠各一套。\n直播软件：\n内置要求内容定制虚拟集10套。全动态变焦-可自定义的摄像机位置预设。可配置的慢动作播放从5%到400%。\n除多视图功能外，包括4个覆盖通道。每个叠加通道都可以有自己的过渡效果，位置和边框。摄像头/NDI输入通道数：1000个、分辨率：4K  4096*2160、叠加通道层数：4、支持2路同时录制、支持推流、支持全屏输出、大屏输出、支持外部输出与采集卡输出、支持字幕制作系统，内置动画标题，记分牌，记分板等、支持GT字幕制作高级版，支持自定义动画标题、支持列表播放、专业调色，色彩纠正、视频列表、支持2路视频通话、多通道录制、支持1路即时回放、两个外部输出 两个全屏输出 四个虚拟输出、支持添加脚本编辑、支持云台损像机的控制，推，拉，摇，移等。","台",4,28000,112000]
[3,"云台摄像头","3840*2880 4k分辨率1200万像素120度广角　USB接口　遥控5倍光学变焦　多功能云台安装底座，可左右上下转动 人型跟踪","套",4,3200,12800]
[4,"外置声卡","声卡类型 外置型，声道数目 2.1声道，信噪比 -90dB,A-加权输出接口 Line Out(线性输出),耳机1,耳机2支持系统:Windows XP 32/64Vista 32/64,Win7 32/64，幻象供电:48V幻象电源，频率响应:22Hz-22kHz(±0.2dB)，动态范围:90dB,A-加权，总谐波失真加噪声:＜0.0061%(-86dB)，交调失真:-85dB@1kHz，输入阻抗:Mic in:1.8KΩ，可调增益:38dB","套",4,2300,9200]
[5,"动圈麦克风","动圈麦克风指向性： 心形/ 频率范围： 20-20khz/频率响应： 50hz-15khz/耳机直径： 40mm/灵敏度： -54dbv/Pa/灵敏度： 110db/1mW/声压级： 148dB/阴抗： 320hm/输出功率：  100MW/尺寸： 约 190mm×55 mm 直径/连接器： 约 3.5mm 立体声","套",4,1700,6800]
[6,"领夹麦","一托二（支持混响，三级降噪）一托二（支持混响，三级降噪）\n指向类型:全指向性\n频率范围：2.4G\n频响范围：20Hz-20KHz\n传输距离：20-30 米\n信燥比：≥90DB\n电池容量:TX:400 毫安（回复:300 毫安）\n充电接口:型号充电接口\n额定输入:DC 5V","套",4,1100,4400]
[7,"耳机","有线头戴式，3.5mm插头，线长1.5米。","副",4,100,400]
[8,"手机云台稳定器","可折叠、磁吸快拆、内置了锂电池，工作时间可以达到10小时，适配手机重量为 230±60g，厚度为 6.9-10mm。","台",4,900,3600]
[9,"连接线材","现场施工中所需视频、音频等各种线缆及辅料","套",4,500,2000]
[10,"环形补光灯","18寸可调光变光，带遥控，220V电 ","套",4,400,1600]
[11,"补光灯","1. 输出功率：200W ；\n2. 输出电压：AC 100-240V ；\n2. 显色指数：Ra ≥95 ；\n3. 调节范围：5%-100% ；\n4. 色温：5500K 士200 ；\n5. 输出电压：AC100-240V ；\n6. 流明：20000LM ；\n7. 接口：保荣接口，通用接口，便于更换灯罩；\n8. 散热： 内置散热风扇，不锈钢芯片保护罩过热保护稳定散热；\n9. 灯珠：使用COB灯珠，光源更稳定；\n10. 机身材质：采用金属机身，坚固耐用，质感出众确保高效散热；\n11. 调节方式：可通过手动调节，也可进行无线调节；\n12. 支架：套装包含补光灯落地支架；\n13. 柔光工具：2套装包含柔光罩；","套",4,2600,10400]
[12,"直播桌椅","外形美观长条桌和椅子，尺寸根据直播间大小定制\n直播桌参数：\n1、面材选用优质环保生态板材，硬度高，不易磨花。强度高、不变形、承重性强，达到国家环保标准。所有材料均经过防虫、防腐等化学处理。\n直播椅参数：\n1、靠背选用优质网布，透气性强；\n2、坐垫选用优质耐老化、高回弹加厚海绵，\n3、选用优质气压棒，最大承重达75KG ；","套",4,1800,7200]
[13,"展示柜","材质：刨花板/ 三聚氰胺板\n环保标准：E1 级以上\n整体尺寸：长120cm* 宽30cm* 高200cm\n共4 层，层高50mm\n具体内部架构根据甲方要求进行定制","套",4,2800,11200]
[14,"绿幕","2*2m便携式绿幕， 采用专业抠像幕布， 达到专业演播室抠像效果，没有褶皱","项",4,1000,4000]
[15,"直播间装修与布线","1、轻钢龙骨隔墙：工艺：先做空腔，固定龙骨，填充50mm的隔音棉，然后固定石膏板；材料：轻钢龙骨采用表面热镀锌的优质冷轧钢制作； A级不燃材料，环保健康，无毒无害。\n2、工艺：固定吸音板支架（可采用木龙架或轻钢龙骨）；支架内填充玻璃纤维吸音棉；依据墙面造型，依次安装木质吸音板。吸音棉，采用玻璃纤维材质；\n3、铝格栅吊顶：哑光黑色金属栅格，间距规格≤150×150mm；\n4、直播间墙面处理：吊打，墙面白乳胶漆处理，简约大方，所用材料环保；。\n5、静电地胶：自流平找平，铺设地胶，所选产品环保无刺激；\n6、窗户平开隔音板：吸音板制作门扇；门扇内填充玻璃纤维吸音棉；依据墙面造型，依次安装木质吸音板。优质孔木吸音板，具有木质最高的防火等级B1；吸音棉，采用玻璃纤维材质；\n7、直播室背景墙孔型吸音板：固定吸音板支架（可采用木龙架或轻钢龙骨）；支架内填充玻璃纤维吸音棉；依据墙面造型，依次安装木质吸音板。\n8、不锈钢踢脚线：成品；\n9、隔音门：规格1000mm×2100mm；门框采用进口或国产优质冷轧钢板，电镀锌钢或不锈钢制造；门扇填充采用硅酸铝纤维棉。\n10、隔音板装饰：固定吸音板支架（可采用木龙架或轻钢龙骨）；支架内填充玻璃纤维吸音棉；依据墙面造型，依次安装木质吸音板。\n11、文化墙：亚克力LOGO牌\"1、材质：亚克力；2、尺寸≥65*90cm\"，实训室文化墙尺寸：≥200*300cm，厚度5cm *2套\n12、综合布线：射灯\"1、定制：15cm*15cm(按实际情况定制)2、功率：12W；\"LED平板灯 定制尺寸：800mm*90mm按实际情况定制，公共区域电路改造工程+网络布线所需的电线、网线、水晶头、开关、插排等硬件（含人工安装），软灯条 \"1、直径：10mm---16mm；2、长度：25m；\"","套",4,39000,156000]
[16,"空调","变频冷暖大1匹窗机","台",4,2600,10400]
[17,"电商直播实训软件","电商直播实训平台软件：学生与老师可以进行直播、拍摄上传短视频、开通直播小店等实训，软件后台由老师管理员进行管理，学生开通直播小店交保证金、消费等不用充值，后台可以直接控制用户在本平台的余额，可以通过实训平台直播复盘找出学生直播时的各种不良用语，方便改进，避免在真实直播过程中被封号、处罚等。\n1.电商直播实训平台：系统采用B/S架构设计，不需要安装客户端，通过浏览器访问，可支持基于校园网的应用。\n2.系统支持学生、教师、管理员使用不同的身份登录软件，不同的身份具有不同的操作权限。提供系统管理功能，不限制用户数量，教师账号保留与使用权限分开管理，允许多教师同时使用。\n3.学生实训功能：支持学生以PC端直播和手机APP直播，实训任务有直播策划、脚本撰写、实训学习、直播账户注册到完善资料认证、短视频上传、直播、开通小店上传产品、短视频推广分享、短视频评论、短视频点赞、产品销售、观看直播、产品购买、物流发货、订单管理、退货管理、直播复盘等。系统能够发布直播并查看实时直播视频，直播过程中具备宝贝上架、抽奖、投票、公告等功能。\n*4.教师管理功能：系统具有良好的数据分析功能，能通过监测学生的实训数据，以表格的形式直观的反应出学生的成绩。可以编辑在线考试试卷，有填空题，判断题，单选题，多选题，问答题，老师可以出题并编辑标准答案与每道题的分值，设置考试时间。支持个人信息管理、学生用户管理、学生实训评分、实训结果评价、上传教学资源等功能。（提供软件本功能截图）\n学生端PC端\n*1.PC端直播实训软件首页可观看直播，登录个人账号、模拟充值、手机APP下载。（提供软件本功能截图）\n*2.个人中心功能：主要账号设置修改资料、粉丝管理、直播记录管理、认证管理；（提供软件本功能截图）\n*3.直播功能：进入PC直播软件主页，通过PC端连接的摄像头与话筒进行直播，可以多画面进行切换。（提供软件本功能截图）\n学生端手机APP端\n1.直播功能：上传直播封面。添加直播标题。开启购物车,开通店铺；主播还可添加展示商城商品与平台自营的商品（后台设置拥金），用户在此入口购买后，主播可获得相应佣金。\n2.直播观看：可以查看主播的信息，包括主播的头像、地址以及昵称。查看该直播房间目前的观看者信息。可以查看主播和观众的个人主页包含昵称、关注数、粉丝、私信、主播等级、用户等级、主播印象以及直播记录等内容；弹幕用户可以发送弹慕。充值可对虚拟币进行充值钻石（虚拟币），可以用来购买礼物、座驾、靓号、vip、守护、发送弹幕、发送红包等。可展示主播选择展示的商品。\n3.动态管理：审核通过后APP展示出去所有动态。\n4.买家功能：观看直播购买商品，收藏商品，查看已买到的商品，商品浏览记录、地址管理、账户余额管理、退款记录、提现记录、全部订单查询、待付款订单查询、待发货订单查询、待收货订单查询、待评价订单查询、退款查询。添加好友，给好友发送短消息； \n5.卖家功能：申请直播开店：小店信息 账户信息　综合评分 账户金额　累计收入　商品总数　商品总销量　订单管理 待发货 等待退款 待支付 全部退款 已发货 已签收 已完成 已关闭 全部订单 添加商品 商品管理 地址管理 消息 经营类目。\n6.订单管理： 可查看小店内所有的订单列表信息。待发货　买家已付款还未发货的订单，列表上展示订单号、买家购买商品信息（名称、规格、数量等）；\n*7.直播小店管理：用户点击进入买家端；已开通小店的用户可一键切换进入卖家端。卖家端在手机端APP个人中心进入直播小店管理，买家与卖家管理页面可一键切换。（提供软件本功能截图）\n8.商品管理：查看管理小店内在售、代卖、审核中、已下架的商品列表；在售商品可编辑价格与库存、下架；代卖商品指的是添加的平台自营的商品，可取消代卖；审核中的商品可再次编辑、删除；已下架的商品可再次编辑、删除及重新上架；\n9.粉丝管理：可以拉黑、私信、举报、关注粉丝。\n*10.实训任务：学生端实训任务是从模拟注册平台账户到完善资料认证、短视频上传、直播、开通小店上传产品、短视频推广分享、短视频评论、短视频点赞、产品销售、观看直播等。对于学生完成的任务状态有明确标识，区分出已完成、未完成与实训得分，方便学生了解自己的实训完成情况。（提供软件本功能截图）\n*11.评分管理：在手机APP端个人中心有我的得分，显示任务得分，共有10个以上的任务，实时显示总分与各任务分项得分。（提供软件本功能截图）\n教师端\n1.后台可体现学生任务完成的进度、个人成绩、待完成的任务、各位同学的实训任务进度、成绩等信息。\n2.系统支持由老师从系统商品库中自行选择商品进行组合，让学生训练，同时也支持老师自行出题，用于学生实训。\n3.统计功能：教师后台有显示学生实训排行榜，排行榜展示直播网红榜和收入富豪榜的前三名。采用图形和列表两种形式呈现。通过监测学生的实训数据，以图表的形式直观的反应出学生的活跃度与实训任务的活跃度。\n4.后台管理功能：教师可以在后台设置审核学生注册信息，产品信息，短视频等。给学生进行账户虚拟充值，让学生在实训时有足够的资金可以扮演买家或卖家。\n*产品具有计算机软件著作权登记证书。","套",1,158000,158000]
[18,"短视频创作与运营教学实训软件","视频制作实训管理系统介绍\n1、统一的素材管理：可集中管理各类实训素材，在不同的实训项目中直接引用，无需实训创建时重复上传各类素材。\n2、多层级权限：有院校管理人员、教师、学生多重层级账号。\n3、素材引用：创建实训时，实训素材支持直接引用素材库，也同时支持直接上传素材。\n4、学生分组：实训支持学生分组管理，按组答题和提交实训作业。\n5、复制实训：支持复制实训项目，减少重新创建实训的庞大工作量。\n6、组长管理：学生参与实训时支持组员同时答题，由组长统一操作开始答题和作业提交。\n7、多种答题方式：学生答题时支持上传作业附件或直接在线答题。\n8、教师评分：教师评分，评分结果同步在学生端显示，学生自己可查看评分结果。\n后台管理功能\n1、菜单有：素材管理、学生管理、实训管理、老师管理\n2、素材管理：批量删除、批量下载、批量停用、批量启用、搜索功能、图片素材、字体素材、视频素材、音乐素材、音效素材、添加分类\n3、实训管理：请选择状态 草稿 未开始 进行中 已废弃 待评分 已结束全部。显示任务标题、查看、发布、修改、复制、废弃\n4、实训管理：分3步基本信息填写，实训内容填写，参与学生填写。可以创建实训，返回与暂存\n5、基本信息填写：标题、开始时间、结束时间、答题时间可选不限时和具体时间小时、负责教师可以搜索选择\n6、实训任务列表：答题须知、素材管理、赛题素材、创作文案、分镜头脚本、短视频制作\n","套",1,158000,158000]
[19,"智能化实训教学AI评价软件","提供多用户版AI智评系统，提供直播销售技能模拟上播应用，配套直播教学一体化设备直播实训应用。系统可通过AI智能评价方式，模拟直播全流程，训练直播各环节的技能，并实现对直播全流程实训效果的客观自动评分。\n学生可可通过账号密码方式登录学生个人实训页面，并在平台中提供个人实训任务，显示直播销售技能（上播模拟实操）实训内容。\n直播中每个阶段均会在虚拟直播系统界面以及网页端的提词页面中弹出字幕板，提示该阶段要求完成的具体实训内容。\n任务列表:列表显示所有任务，可修改任务，删除任务，上传导入任务，下载任务。点击任务完成情况，显示该任务下未完成和已完成学生，显示评分和已评/无评，已完成但无评分和评语的为图文任务需人工评分和评语，可点击查看每位学生已完成任务内容与评分评语，如果是图文任务该学生已完成任务，但需要进行人工评分评语的，老师可以进行人工评分评语。\n任务管理\n1、选择任务分类：音视频任务、纯音频任务、文字任务、图文混合任务\n2、添加任务标题:后台显示，可显示给前端学生查看\n3、添加任务介绍与评价标准说明：说明可以是图片、文字、音频（mp3）、音视频(mp4)任何类型，需要显示给前端学生查看。\n4、设置纯音频任务评分与评价标准：设置关键字，最多10组。\n5、设置视频任务对比评价标准：1.设置自动截图多少张/每分钟，最多10张，给出评分和评价，视频MP4，音频MP3。\n6、设置文字任务评分与评价标准：设置关键字，最多10组。\n7、设置任务中文字提示：设置提示文字内容与提示时间\n8、设置任务时间：设置多少分种，学生点击开始任务到自动提交任务完成时间。\n9、设置任务完成日期：设置任务完成日期，设置日期内未完成任务，学生该任务得分为0分。\n10、任务排名:按单个任务评分进行排名，按学生所有完成的任务总得分排名。\n11、重置任务:可选择按学号重置学生已完成的任务，单选每一个任务或所有任务。可选择按任务重置学生已完成的任务，单选一个人或所有人。\n学生功能：\n1、注册登录：学生在个人电脑端登录实训软件，输入用户名和密码，可以进行注册，等老师审批。\n2、直播策划任务：学生进入直播策划任务，按任务要求进行直播策划任务实训。实训任务完成后，后台自动进行评分和评语。\n3、直播任务：学生登录实训软件后可以选择实训，视频类任务学生开始实训任务时，学生电脑会自动启动摄像头与麦克风并进行录音录像并保存，完成任务后学生可查看，如果没有检测支学生电脑摄像头与麦克风给出提示。如果是纯音频类任务，只启动麦克风，如果没有检测支学生电脑摄像头与麦克风给出提示。实训任务完成后，后台自动进行评分和评语。\n4、直播互动实训任务：在直播实训任务进行的过程中会有互动弹幕内容，根据弹幕进行问题回答。实训任务完成后，后台自动进行评分和评语。\n5、直播复盘查看：任务完成后可以进行复盘查看，包括直播录像内容，直播时的表情管理，语言内容管理。提示需要改进的地方。\n6、直播任务排名:学生完成任务后可以查看单个任务评分和排名，完成的任务总得分排名。","套",1,258000,258000]
[20,"直播教学资源","1、系统为B/S架构，支持的HTML5标准，兼容火狐、谷歌等主流浏览器。\n2、系统包含管理端、教师端、学生端三部分。支持学生、教师使用不同的身份登录软件，不同的身份具有不同的操作权限。\n3、管理端可对学生账号，老师账号进行管理。\n4、教师端可以设置上传学习内容与学习分，对每一个教学资源都可以设置学习时间和学习分。\n5、学生端可以进行注册认证，参加学习教学视频，音频，文件学习查看。\n6、内置资源库模块，教学资源库门类齐全，形式多样包含多媒体视频、音频、动画、教学课件PPT、文档资料等。\n7、学习视频与音频显示文件名与播放时长，后台可以设置学习分值，学生学习后会有学习分。\n8、以学生为中心开发数字资源，注重用户体验。学生也可上传MP4,word,ppt格式文件。\n9、教学资源内容数字化管理，方便资源随时更新上传，编辑，维护。\n10、视频微课72个：授课式微课程，讲解课程中的知识难点、技能难点，时间 5-10 分钟。图像清晰稳定、构图合理、声音清楚，能较全面真实反映教学情境，能充分展示教师良好教学风貌。视频片头应显示制作单位，其中30套微课视频是在本项目学校进行现场制作，主要教学视频环节为当地特色内容。展现形式：MPEG4或MP4；\n11、教学课件PPT 72套：课件采用 PPT 模式编写，同一课程风格保持一致。课件模版朴素、大方，颜色适宜，便于长时间观看。其中50套教学课件PPT为学校专用定制课件，在软件交付时需厂家在学校安排人员根据老师教学要求进行教学课件的编写。\n直播教学资源内容\n第一章 直播入门 直播现状解读\n直播趋势解读\n直播常见类型\n直播人群分析\n直播货品分析\n第二章 直播上手 直播权限解读\n直播开播前准备\n电脑端直播开播\n手机端直播开播\n直播中控台使用\n直播常见注意事项\n第三章 直播技巧 直播权益设置\n直播看点设置\n直播脚本设计\n直播产品讲解\n直播粉丝亲密度\n直播粉丝互动\n第四章 直播优化 主播人设打造\n直播团队分工\n直播等级解读\n直播权重解读\n直播达人合作\n直播活动解读\n直播数据分析","套",1,118000,118000]
[21,"短视频实训教学资源","1、系统为B/S架构，支持的HTML5标准，兼容火狐、谷歌等主流浏览器。\n2、系统包含管理端、教师端、学生端三部分。支持学生、教师使用不同的身份登录软件，不同的身份具有不同的操作权限。\n3、管理端可对学生账号，老师账号进行管理。\n4、教师端可以设置上传学习内容与学习分，对每一个教学资源都可以设置学习时间和学习分。\n5、学生端可以进行注册认证，参加学习教学视频，音频，文件学习查看。\n6、内置资源库模块，教学资源库门类齐全，形式多样包含多媒体视频、音频、动画、教学课件PPT、文档资料等。\n7、学习视频与音频显示文件名与播放时长，后台可以设置学习分值，学生学习后会有学习分。\n8、以学生为中心开发数字资源，注重用户体验。学生也可上传MP4,word,ppt格式文件。\n9、教学资源内容数字化管理，方便资源随时更新上传，编辑，维护。\n10、视频微课72个：授课式微课程，讲解课程中的知识难点、技能难点，时间 5-10 分钟。图像清晰稳定、构图合理、声音清楚，能较全面真实反映教学情境，能充分展示教师良好教学风貌。视频片头应显示制作单位，其中30套微课视频是在本项目学校进行现场制作，主要教学视频环节为当地特色内容。展现形式：MPEG4或MP4；\n11、教学课件PPT 72套：课件采用 PPT 模式编写，同一课程风格保持一致。课件模版朴素、大方，颜色适宜，便于长时间观看。其中50套教学课件PPT为学校专用定制课件，在软件交付时需厂家在学校安排人员根据老师教学要求进行教学课件的编写。\n短视频教学资源内容\n第一章 短视频作用及方向 短视频营销目的\n短视频盈利模式\n淘宝平台上流量导入\n第三方平台流量导入（抖音）\n短视频内容方向\n短视频高点击的必备特性\n第二章 短视频内容及策划 短视频核心要素及定位\n短视频（淘宝）常见类型\n（商品）短视频内容策划\n短视频制作脚本\n（商品）短视频制作脚本\n策划视频（广告）创意构思\n第三章 短视频拍摄及制作 短视频拍摄器材配备\n短视频拍摄技巧\n短视频（抖音）拍摄技术流\n手机端短视频后期剪辑\n电脑端短视频后期剪辑（爱拍）\n短视频拍摄剪辑淘拍（电脑端）\n第四章 短视频运营及提升 短视频（抖音）运营攻略\n短视频数据优化\n短视频内容优化方法\n短视频提升互动\n添加首页互动视频\n提升短视频带货技巧","套",1,118000,118000]
[22,"机柜","22U专用服务器机柜；采用优质冷扎钢板制作，整体框架结构设计；机柜深度1000 mm，立柱厚度不低于2.0 mm，其余部分钢板厚度不低于1.2 mm；静载500KG以上。","台",1,3100,3100]
[23,"实训教学管理主机","2颗处理器：40核心80线程2.5GHZ+单电及以上 内存：64GB以上 硬盘：2*2TB  7. 2K  RPM  SATA扩展性：不少于4块 3.5英寸热插拔SAS, SATA, SSD硬盘；RAID卡：可配置RAID 0、1、5、6、10、50、60，支持热备盘技术，支持不低于1GB高速缓存；集成双端口Broadcom千兆网卡，带故障切换和负载均衡功能，支持TOE，iSCSI启动；PCIe插槽：2个PCIe 3.0；4个USB；\n平台系统：正版中文操作系统与WEB服务apache\n标准版MySQL数据库，正版中文软件jdk8","台",1,38000,38000]
[24,"路由器","8个10/100/1000Mbps Mbps端口，7200M无线传输","套",1,900,900]
[25,"合计",{"$nulls":4},1231200]

{"sheet":"Sheet2","index":1,"n_rows":0,"n_cols":0,"rows_kept":0,"flags":["formulas_cached_only"]}

{"sheet":"Sheet3","index":2,"n_rows":0,"n_cols":0,"rows_kept":0,"flags":["formulas_cached_only"]}